000 00573nam a2200217Ia 4500
005 20241129115851.0
008 241129s9999||||xx |||||||||||||| ||und||
020 _a9781138296909
037 _aTB
040 _aSDCL
_beng
_cSDCL
041 _aeng
_2eng
084 _aWxJ32, R2
_qSDCL
100 _aGordon-Roth Jessica Ed.; Weinberg Shelley Ed.
_9728533
245 0 _aLockean mind
260 _aNew York
_bRoutledge
_c2022
300 _axix,599p.
365 _aGBP
_b190
650 _aPhilosophy
942 _cTB
_hWxJ32, R2
999 _c1232350
_d1232350